000 01130nam a22003377a 4500
001 BR2010005714
003 BR-BrBNA
005 20230928103436.0
007 ta
008 230509b bl.||||| |||| 00| 0 por d
040 _aBR-BrBNA
_bpor
_cBiblioteca Nacional de Agricultura
041 _a(Por)
072 _aF30; H20
_b1530
_b4120
_b3875
090 _ 1530 BR2010005714
100 1 _aShibata, E.T.
110 1 _aUniversidade de Brasília, DF (Brasil). Inst. de Ciências Biológicas
_0Tese (Mestre em Fitopatologia)
_910485
245 1 _aReação de cultivares de cenoura à queima das folhas, prevalência de patógenos, diversidade genética e sensibilidade de Alternaria dauci a fungicidas
260 3 _aBrasília, DF (Brasil):
_c2008.
300 _a98 p.
500 _aSummaries (Eng, Por); Several bibliography; 9 tables; 10 illus.
650 _aCENOURA
650 _aFOLHA
650 _aPATÓGENO
650 _aVARIAÇÃO GENÉTICA
650 _aRESISTÊNCIA GENÉTICA
650 _aALTERNARIA DAUCI
650 _aFUNGO
650 _aFUNGICIDA
909 _a202309
_bLucia
_c55
_dLucia Elande
942 _cBK
999 _c75133
_d75133